000 00475nam a2200193Ia 4500
005 20240823031203.0
008 240823s9999||||xx |||||||||||||| ||und||
020 _a81-239-0646-3
041 _aENGLISH
082 _A576 P4
100 _aGeorgr J Banwart
245 0 _aBasic food Microbiology
250 _a2nd
260 _c2004
_b"CBS Publishers & Distributors,New "
500 _aYES
650 _aMicrobiology
_bBio Medical Engg.
942 _cBK
999 _c190474
_d190474